Les plus grands stades de football d'Espagne - Statistiques

Statistiques générales
  • Ce quiz a été pris 72 fois
  • Le résultat moyen est 6 sur 20
Statistiques - réponses
Capacité Stade % Correct
99,354 Camp Nou
99%
85,000 Santiago Bernabéu
96%
70,460 Metropolitano
79%
53,331 San Mamés
70%
49,430 Mestalla
51%
42,714 Ramón Sánchez Pizjuán
46%
60,379 Benito Villamarín
27%
39,313 Anoeta
25%
29,000 Balaídos
13%
32,660 Riazor
10%
30,044 La Rosaleda
7%
55,926 Lluís Companys
7%
32,400 Gran Canaria
6%
40,000 Cornellà-El Prat
4%
57,619 La Cartuja
4%
30,500 Carlos Tartiere
3%
29,371 El Molinón
3%
31,388 Martinez Valero
3%
33,608 La Romadera
0%
31,179 Nueva Condomina
0%
Aucun quiz correspondant
Distribution des résultats
% des personnes avec chaque résultat
Percentile par nombre de réponses
Votre historique - résultats
Vous n’avez pas pris ce quiz